Statistics for Type Laos - 15 Seconds

Click here to take the quiz!

General Stats

  • This quiz has been taken 443 times
  • The average score is 52 of 80

Answer Stats

Answer% Correct
L
100%
A
99%
O
99%
L
98%
S
98%
A
96%
O
96%
L
94%
S
94%
A
93%
O
93%
L
91%
S
91%
A
90%
O
90%
S
90%
A
89%
L
89%
O
89%
S
89%
L
88%
A
87%
O
87%
S
87%
L
84%
A
83%
O
80%
S
80%
L
79%
A
78%
O
76%
S
76%
A
73%
L
73%
L
73%
O
73%
S
73%
A
71%
O
70%
A
68%
L
68%
S
68%
O
67%
S
66%
A
63%
L
63%
O
61%
L
60%
S
60%
A
59%
O
56%
S
55%
L
54%
A
50%
O
50%
S
50%
L
49%
A
48%
O
46%
S
45%
A
43%
L
43%
O
43%
L
41%
S
41%
A
40%
O
38%
S
35%
L
34%
A
33%
O
32%
S
29%
L
28%
A
26%
L
26%
O
24%
S
24%
A
23%
O
22%
S
20%

Score Distribution

Percentile by Number Answered

Percent of People with Each Score

Your Score History

You have not taken this quiz